Loading...
JC Daniel: Malayala Cinemayude Vigathakumaran
| Main Author: | |
|---|---|
| Format: | Printed Book |
| Published: |
Thiruvananthapuram
Rayvan publications
2013
|
| Subjects: |
| LEADER | 00460nam a22001337a 4500 | ||
|---|---|---|---|
| 020 | |a 9788192277240 | ||
| 082 | |a 791.43 |b PRE.J | ||
| 100 | |a Premlal D | ||
| 245 | |a JC Daniel: Malayala Cinemayude Vigathakumaran | ||
| 260 | |a Thiruvananthapuram |b Rayvan publications |c 2013 | ||
| 650 | |a Malayalam film | ||
| 942 | |c BK | ||
| 999 | |c 2092 |d 2092 | ||
| 952 | |0 0 |1 0 |4 0 |6 791_430000000000000_PRE_J |7 0 |8 NFIC |9 2098 |a CAMPUS |b CAMPUS |d 2015-02-24 |l 0 |o 791.43 PRE.J |p 19194 |r 2015-02-24 |w 2015-02-24 |y BK | ||